2026 FIFA World Cup UEFA Playoffs Countries - Statistics

General Stats
  • This quiz has been taken 107 times
  • The average score is 13 of 16
Answer Stats
Country Total Times Qualified Last Time Qualified % Correct
Italy 18 2014
93%
Sweden 12 2018
90%
Ireland 3 2002
88%
Denmark 10 2022
86%
Bosnia & Herzegovina 1 2014
85%
Wales 2 2022
85%
Northern Ireland 3 1986
82%
Poland 9 2022
81%
Romania 7 1998
80%
Turkey 2 2002
79%
North Macedonia - -
75%
Slovakia 9 2010
75%
Albania - -
74%
Kosovo - -
71%
Czech Republic 9 2006
70%
Ukraine 1 2006
70%
No matching quizzes found
Score Distribution
Percent of People with Each Score
Percentile by Number Answered
Your Score History
You have not taken this quiz